[Event "Akademickie Mistrzostwa Polski Kobiet"]
[Site "Szczyrk"]
[Date "1899-12-30"]
[Round "5.2"]
[White "Binkowska, Agata"]
[Black "Dmochowska, Agnieszka"]
[Result "1-0"]
[WhiteTitle "k"]
[BlackTitle "WFM"]
[WhiteElo "1799"]
[BlackElo "1926"]

1. e4 e6 2. d4 d5 3. e5 c5 4. c3 Nc6 5. Nf3 Bd7 6. Bd3 Qb6 7. O-O cxd4 8. cxd4
Nxd4 9. Nxd4 Qxd4 10. Qe2 a6 11. Kh1 Ne7 12. f4 Nc6 13. a3 Qb6 14. Nc3 Be7 15.
f5 d4 16. Nd1 exf5 17. Bxf5 Bxf5 18. Rxf5 O-O 19. Rh5 Rfe8 20. Bf4 g6 21. Rh3
Bf6 22. Nf2 Bxe5 23. Bh6 Rad8 24. Ng4 Bh8 25. Qf2 Ne5 26. Rf1 f5 27. Nxe5 Rxe5
28. Qh4 Rde8 29. Bf4 R5e7 30. Bg5 Rf7 31. b4 Bf6 32. Rg3 Bxg5 33. Qxg5 Qf6 34.
Qd2 Rd7 35. h3 Qe5 36. Rd3 Qe4 37. Rd1 Red8 38. Qa2+ Kg7 39. Qc4 Qd5 40. Qc2 Kf6
41. Kg1 Qe4 42. Qc5 Qd5 43. Qc2 Qe5 44. Qc4 Rc7 45. Qb3 Qe4 46. a4 Rcd7 47. b5
axb5 48. axb5 Qd5 49. Qb4 b6 50. Qd2 Qxb5 51. Qh6 Qe5 52. Qh4+ Kg7 53. Qf2 b5
54. Qb2 Qc5 55. Kh1 b4 56. Rb1 Rb8 57. Qb3 Qd5 58. Qa4 Rdb7 59. Qd1 Rd8 60. Qd2
Qc4 61. Rc1 Qa6 62. Rxd4 Rxd4 63. Qxd4+ Qf6 64. Qd5 Qf7 65. Qd4+ Qf6 66. Qd5 Re7
67. Rb1 Qb6 68. Qb3 Rb7 69. Qb2+ Kf7 70. Qb3+ Qe6 71. Qf3 Rb6 72. Rb3 Kf6 73.
Qd3 Qe1+ 74. Kh2 Rc6 75. Qd4+ Qe5+ 76. Qxe5+ Kxe5 77. Rxb4 Rc5 78. Rb7 h5 79.
Kg3 g5 80. Rb3 h4+ 81. Kh2 Rc4 82. Rb2 Re4 83. g3 hxg3+ 84. Kxg3 Re3+ 85. Kg2
f4 86. Rb5+ Kf6 87. Rb6+ Kf5 88. Rb5+ Kg6 89. Rb6+ Kh5 90. Rb8 Rg3+ 91. Kh2 Kg6
92. Rb6+ Kf5 93. Rb5+ Ke4 94. Rb4+ Ke5 95. Rb5+ Kd4 96. Rb4+ Ke5 97. Rb5+ Kf6
98. Rb6+ Kf5 99. Rb5+ Kg6 100. Rb6+ Kh5 101. Rb8 Rd3 102. Rh8+ Kg6 103. Kg2 Rg3+
104. Kh2 Kf5 105. Ra8 Re3 106. Ra5+ Re5 107. Ra4 Re2+ 108. Kg1 g4 109. hxg4+ Kxg4
110. Ra3 Re3 111. Ra4 Kg3 112. Kf1 Rf3+ 113. Ke2 Re3+ 114. Kf1 Rb3 115. Ra8 Rb1+
116. Ke2 f3+ 117. Ke3 Rb3+ 118. Kd2 f2 119. Rg8+ Kf3 1-0

[Event "Akademickie Mistrzostwa Polski Kobiet"]
[Site "Szczyrk"]
[Date "1899-12-30"]
[Round "5.3"]
[White "Antolak, Julia"]
[Black "Czaplewska, Klara"]
[Result "0-1"]
[WhiteTitle "WIM"]
[BlackTitle "k+"]
[WhiteElo "2110"]
[BlackElo "1796"]

1. e4 e5 2. Nf3 Nc6 3. Bb5 Nf6 4. d4 Nxe4 5. d5 Nd4 6. Nxd4 exd4 7. Qxd4 f5 8.
O-O Qf6 9. Qxf6 Nxf6 10. c4 Bc5 11. Be3 Bxe3 12. fxe3 g6 13. Nc3 O-O 14. Rae1
Re8 15. c5 Re5 16. Bc4 Kg7 17. b4 a5 18. b5 c6 19. b6 Nxd5 20. Bxd5 cxd5 21. Kf2
d6 22. cxd6 Bd7 23. Rd1 Bc6 24. Rd3 Rd8 25. Rfd1 Rxd6 26. h3 Kf6 27. a3 g5 28.
Ne2 Bb5 29. Rd4 Bxe2 30. Kxe2 Rxb6 31. Rxd5 Rxd5 32. Rxd5 Rb2+ 33. Kf3 a4 34.
Ra5 Rb3 35. Rxa4 f4 36. Rd4 Rxe3+ 37. Kf2 Rxa3 38. Rd6+ Ke5 39. Rd7 b5 40. Rb7
Rb3 41. Rxh7 b4 42. Rg7 Rg3 43. Rb7 b3 44. Rb4 Kd5 45. h4 Kc5 46. Rb8 gxh4 47.
Rf8 Rc3 48. Rb8 Kc4 49. Rc8+ Kd3 50. Rb8 Kc2 0-1

[Event "Akademickie Mistrzostwa Polski Kobiet"]
[Site "Szczyrk"]
[Date "1899-12-30"]
[Round "5.4"]
[White "Fraczek, Weronika"]
[Black "Cyboran, Katarzyna"]
[Result "1-0"]
[WhiteTitle "k++"]
[BlackTitle "I++"]
[WhiteElo "1902"]
[BlackElo "1761"]

1. e4 c5 2. Nf3 e6 3. d4 cxd4 4. Nxd4 a6 5. c4 b6 6. Nc3 Bb7 7. Bd3 d6 8. O-O Nd7
9. f4 Qc7 10. Qe2 Ngf6 11. b3 h5 12. Nf3 Rc8 13. f5 e5 14. Nd5 Bxd5 15. exd5 Nc5
16. Bc2 a5 17. Nd4 Be7 18. Nb5 Qd7 19. Rf2 Ng4 20. Rf1 Na6 21. h3 Nf6 22. Rf2
Ra8 23. Be3 Qb7 24. Rff1 Nc7 25. Nxc7+ Qxc7 26. Qf2 Rb8 27. Bd3 Nd7 28. Qg3 Bf6
29. Bg5 h4 30. Qg4 Bxg5 31. Qxg5 Kf8 32. Rae1 Nf6 33. Qe3 Rc8 34. Re2 Ke7 35.
Rfe1 Kf8 36. Rf2 Ke7 37. Qf3 Nh5 38. f6+ Nxf6 39. Bf5 Rcd8 40. Bg4 Qc5 41. Qf5
Qc7 42. Ref1 Kf8 43. Qf3 Nxg4 44. Qxg4 f6 45. Qg6 Qf7 46. Qf5 Qd7 47. Qe4 Qf7
48. Qe3 Qc7 49. Rf3 Kf7 50. Kh1 Rh6 51. Qe2 Rdh8 52. Re3 Qb8 53. Qf2 Qd8 54. Qf5
Qc8 55. Qf2 Ke7 56. a3 Kd7 57. Qf5+ Kc7 58. Qd3 Kd7 59. b4 axb4 60. axb4 Qb7 61.
Qf5+ Ke7 62. Qe6+ Kd8 63. Qxd6+ Kc8 64. Ra1 Rd8 65. Qe6+ Kb8 66. Rea3 Rc8 67.
Ra8+ Kc7 68. Qe7# 1-0

[Event "Akademickie Mistrzostwa Polski Kobiet"]
[Site "Szczyrk"]
[Date "1899-12-30"]
[Round "5.5"]
[White "Mazur, Anna"]
[Black "Chrzaszcz, Malvina"]
[Result "0-1"]
[WhiteTitle "I+"]
[BlackTitle "k+"]
[WhiteElo "1783"]
[BlackElo "1836"]

1. e4 c5 2. Nf3 d6 3. d4 cxd4 4. Nxd4 Nf6 5. Nc3 e5 6. Nde2 Be6 7. h3 h5 8. Be3
Nc6 9. Qd2 Rc8 10. Nc1 d5 11. exd5 Nxd5 12. Nxd5 Bxd5 13. Nb3 Bb4 14. c3 Be7 15.
O-O-O Be6 16. Qxd8+ Rxd8 17. Rxd8+ Kxd8 18. Bb5 Kc7 19. Rd1 a6 20. Be2 a5 21.
Kb1 f5 22. f4 a4 23. Nc5 Bxc5 24. Bxc5 e4 25. Bb5 Ra8 26. Bxc6 bxc6 27. Bd4 g6
28. Be5+ Kb6 29. Rd6 Re8 30. Rd1 g5 31. Bd4+ c5 32. Be3 gxf4 33. Bxf4 Bc4 34.
Rd6+ Kb5 35. Be3 Rf8 36. g3 Rg8 37. Bf4 h4 38. gxh4 Rg1+ 39. Kc2 Bxa2 40. h5 Rf1
41. Be3 Bb3+ 42. Kd2 Rd1+ 43. Ke2 Rxd6 44. h6 Bg8 45. Bf4 Rd3 46. h4 Rh3 47. Bg5
Kc4 0-1

[Event "Akademickie Mistrzostwa Polski Kobiet"]
[Site "Szczyrk"]
[Date "1899-12-30"]
[Round "5.6"]
[White "Parol, Pola"]
[Black "Horbacz, Agata"]
[Result "1-0"]
[WhiteTitle "WFM"]
[BlackTitle "k+"]
[WhiteElo "1929"]
[BlackElo "1752"]

1. e4 e5 2. Nf3 Nc6 3. Bb5 d6 4. c4 Nf6 5. Nc3 Be6 6. d4 exd4 7. Nxd4 Bd7 8. O-O
Nxd4 9. Bxd7+ Qxd7 10. Qxd4 Be7 11. h3 O-O 12. Bg5 h6 13. Be3 Nh7 14. Nd5 Bf6
15. Nxf6+ Nxf6 16. Bxh6 c5 17. Qc3 Kh7 18. Be3 Nxe4 19. Qd3 f5 20. f3 Ng3 21.
Rfd1 Qe6 22. Bf2 Ne2+ 23. Kh1 Nf4 24. Qxd6 Qxc4 25. Rac1 Qa4 26. b3 Qxa2 27. Qxf4
Qxf2 28. Rd2 g5 29. Qc7+ 1-0

[Event "Akademickie Mistrzostwa Polski Kobiet"]
[Site "Szczyrk"]
[Date "1899-12-30"]
[Round "6.1"]
[White "Kiolbasa, Oliwia"]
[Black "Binkowska, Agata"]
[Result "1/2-1/2"]
[WhiteTitle "WIM"]
[BlackTitle "k"]
[WhiteElo "2095"]
[BlackElo "1799"]

1. e4 c5 2. Nf3 e6 3. d4 cxd4 4. Nxd4 a6 5. Bd3 Qc7 6. Qe2 Nc6 7. Nxc6 Qxc6 8.
O-O b5 9. a4 Bb7 10. axb5 axb5 11. Rxa8+ Bxa8 12. Nc3 b4 13. Bb5 Qb7 14. Rd1 Nf6
15. Bg5 bxc3 16. Bxf6 gxf6 17. Qd3 Be7 18. Bxd7+ Kf8 19. Qxc3 Qxe4 20. f3 Qe5
21. Qd2 Qg5 22. Qe2 Rg8 23. c3 Bd5 24. b4 Qh5 25. Kf1 Qxh2 26. Qf2 Bc4+ 27. Ke1
Qe5+ 28. Kd2 Qf5 29. Kc1 Qg5+ 30. Rd2 Qe5 31. Kc2 f5 32. Ba4 Bf6 33. Qd4 Qxd4
34. cxd4 Ke7 35. b5 Rb8 36. Kc3 Bd5 37. Kb4 Kd6 38. Ka5 Bd8+ 39. Kb4 Bb6 40. Rd1
Rc8 41. Bb3 Bxb3 42. Kxb3 Kd5 43. Rh1 Bxd4 44. Rxh7 Rc7 45. Kb4 Rb7 46. g4 fxg4
47. fxg4 Be3 48. Rg7 Bd2+ 49. Ka4 Kc5 50. g5 Ra7+ 51. Kb3 Kb6 52. g6 fxg6 53.
Rxg6 Re7 54. Kc4 Be3 55. Kb4 Bc5+ 56. Kc4 Re8 57. Rh6 Be3 58. Rg6 1/2-1/2

[Event "Akademickie Mistrzostwa Polski Kobiet"]
[Site "Szczyrk"]
[Date "1899-12-30"]
[Round "6.2"]
[White "Czaplewska, Klara"]
[Black "Cieslak, Wiktoria"]
[Result "0-1"]
[WhiteTitle "k+"]
[BlackTitle "k++"]
[WhiteElo "1796"]
[BlackElo "1951"]

1. d4 Nf6 2. g3 e6 3. Bg2 c5 4. Nf3 Nc6 5. O-O Be7 6. c4 cxd4 7. Nxd4 O-O 8. Nc3
a6 9. e4 Qc7 10. Be3 d6 11. Rc1 Nxd4 12. Qxd4 Bd7 13. b3 Rac8 14. h3 Qb8 15. f4
Rfd8 16. Qd2 b5 17. cxb5 axb5 18. Rfd1 Bc6 19. Qf2 b4 20. e5 bxc3 21. exf6 Bxf6
22. Bb6 Rd7 23. Bd4 Bxd4 24. Qxd4 Bxg2 25. Kxg2 Qa8+ 26. Kg1 c2 27. Rd2 Qxa2 28.
Qd3 Rdc7 29. Qxd6 h6 30. Rd3 Qb2 0-1

[Event "Akademickie Mistrzostwa Polski Kobiet"]
[Site "Szczyrk"]
[Date "1899-12-30"]
[Round "6.3"]
[White "Fraczek, Weronika"]
[Black "Chrzaszcz, Malvina"]
[Result "1-0"]
[WhiteTitle "k++"]
[BlackTitle "k+"]
[WhiteElo "1902"]
[BlackElo "1836"]

1. e4 c5 2. Nf3 d6 3. d4 cxd4 4. Nxd4 Nf6 5. Nc3 a6 6. Bc4 e6 7. O-O Qc7 8. Bb3
Nc6 9. Be3 Be7 10. Qf3 O-O 11. Qg3 b5 12. Nxc6 Qxc6 13. f3 Rd8 14. Rad1 Bb7 15.
a4 b4 16. Ne2 e5 17. a5 Qb5 18. Qf2 d5 19. Bb6 Rd6 20. Bc5 Rd7 21. Bxe7 Rxe7 22.
exd5 Nxd5 23. Ra1 Rc8 24. Kh1 Nf6 25. Ng3 Bd5 26. Nf5 Rec7 27. Nd6 Qc6 28. Nxc8
Bxb3 29. cxb3 Rxc8 30. Qb6 Qc2 31. Qxa6 Nh5 32. Qb6 Nf4 33. Qf2 Qxb3 34. a6 Nd3
35. Qe2 Nf4 36. Qf2 Nd3 37. Qd2 Nf4 38. a7 Ra8 39. Rfd1 Ne6 40. Qd5 Qxd5 41. Rxd5
f6 42. Rb5 Nc7 43. Rb6 1-0

[Event "Akademickie Mistrzostwa Polski Kobiet"]
[Site "Szczyrk"]
[Date "1899-12-30"]
[Round "6.4"]
[White "Karykowska, Anna"]
[Black "Parol, Pola"]
[Result "1/2-1/2"]
[WhiteTitle "k+"]
[BlackTitle "WFM"]
[WhiteElo "1859"]
[BlackElo "1929"]

1. e4 c5 2. Nf3 d6 3. d4 cxd4 4. Nxd4 Nf6 5. Nc3 a6 6. g3 e5 7. Nb3 Be7 8. Bg2
O-O 9. O-O Nbd7 10. a4 b6 11. Re1 Bb7 12. Nd2 Qc7 13. Nf1 Nc5 14. Bg5 Ne6 15.
Bxf6 Bxf6 16. Ne3 Nd4 17. Ncd5 Bxd5 18. exd5 Bg5 19. c3 Bxe3 20. Rxe3 Nf5 21.
Re1 Ne7 22. Qd3 f5 23. Rac1 Qc5 24. b4 Qc7 25. c4 Qd7 26. Qb3 Rab8 27. Qa2 Kh8
28. c5 bxc5 29. bxc5 e4 30. c6 Qc7 31. Bf1 Qa5 32. Red1 Rfc8 33. Qc4 Rb6 34. Rb1
Rxb1 35. Rxb1 Qxd5 36. Qxd5 Nxd5 37. Bxa6 Ra8 38. Bb5 Nc7 39. Rd1 d5 40. Rc1 Kg8
41. Kf1 Kf7 42. Ke2 Ke6 43. Ke3 Kd6 44. Rb1 Rb8 45. Kd4 Ne6+ 46. Ke3 d4+ 47. Kd2
Nc5 48. Rb4 d3 49. Rd4+ Kc7 50. Rd5 Nb3+ 51. Kc3 Nc1 52. Rd7+ Kb6 53. c7 Rc8 54.
Rxg7 Rxc7+ 55. Rxc7 Kxc7 56. Bc4 Ne2+ 57. Kd2 Nd4 58. h4 Kd6 59. a5 Kc5 60. Bg8
h6 61. h5 Kb5 62. Bh7 Kxa5 63. g4 Nf3+ 64. Kd1 fxg4 65. Bxe4 Ne5 66. Kd2 Kb4 67.
Bxd3 Kc5 68. Bg6 Kd4 69. Ke2 Nf3 70. Be8 Ke4 71. Bc6+ Kf4 72. Bd7 Nd4+ 73. Kd3
Nf3 74. Ke2 Ng5 75. Be8 Ne6 76. Bd7 Nd4+ 77. Kd3 Nf3 78. Ke2 Ng5 79. Be8 Nf3 80.
Bd7 Nd4+ 81. Kd3 Nf3 82. Ke2 Nh4 83. Be8 g3 84. fxg3+ Kxg3 85. Bd7 Kf4 86. Kf2
Kg5 87. Be8 Nf5 88. Kf3 Nd6 89. Bg6 Nc4 90. Kg2 Ne5 91. Kh3 Nxg6 92. hxg6 Kxg6
1/2-1/2

[Event "Akademickie Mistrzostwa Polski Kobiet"]
[Site "Szczyrk"]
[Date "1899-12-30"]
[Round "6.5"]
[White "Cyboran, Katarzyna"]
[Black "Antolak, Julia"]
[Result "0-1"]
[WhiteTitle "I++"]
[BlackTitle "WIM"]
[WhiteElo "1761"]
[BlackElo "2110"]

1. e4 c5 2. Nf3 e6 3. d4 cxd4 4. Nxd4 Nf6 5. Nc3 d6 6. Be3 a6 7. f3 h5 8. Bc4 b5
9. Bb3 Be7 10. a4 b4 11. Nce2 e5 12. Nf5 Bxf5 13. exf5 O-O 14. O-O Nbd7 15. Qd2
Rb8 16. Rfd1 Qc8 17. h3 Nc5 18. g4 Nxb3 19. cxb3 Qb7 20. Kf2 d5 21. Rg1 d4 22.
Bh6 h4 23. g5 Nh5 24. Rg4 Bc5 25. Rxh4 d3+ 26. Kf1 dxe2+ 27. Kxe2 Nf4+ 28. Rxf4
exf4 29. Qd3 Rfe8+ 30. Kf1 Re3 31. Qd1 Qxf3+ 32. Qxf3 Rxf3+ 33. Kg2 Rg3+ 34. Kh2
gxh6 35. gxh6 Rd8 36. Rc1 Rd2+ 37. Kh1 Rxh3# 0-1

[Event "Akademickie Mistrzostwa Polski Kobiet"]
[Site "Szczyrk"]
[Date "1899-12-30"]
[Round "6.6"]
[White "Szultka, Agata"]
[Black "Dmochowska, Agnieszka"]
[Result "1-0"]
[WhiteTitle "I+"]
[BlackTitle "WFM"]
[WhiteElo "1748"]
[BlackElo "1926"]

1. e4 e6 2. Nf3 d5 3. Nc3 c5 4. e5 Nc6 5. g3 d4 6. Ne4 Qd5 7. d3 Nxe5 8. Bg2 Nxf3+
9. Bxf3 Qd7 10. Bf4 Be7 11. O-O Nf6 12. Be5 O-O 13. Bxf6 gxf6 14. g4 Kh8 15. Kh1
e5 16. Ng3 Qc7 17. Qd2 Rg8 18. h3 Be6 19. Be4 Rg5 20. f3 Qd7 21. h4 Rg7 22. Nh5
f5 23. gxf5 Bxf5 24. Nxg7 Bxe4 25. fxe4 Kxg7 26. Rg1+ Kh8 27. Qh2 Bf6 28. Raf1
Qe7 29. Rg4 Rg8 30. Rxg8+ Kxg8 31. Rg1+ Kh8 32. Qg3 Qf8 33. Qg4 Qg7 34. Qc8+ 1-0

[Event "Akademickie Mistrzostwa Polski Kobiet"]
[Site "Szczyrk"]
[Date "1899-12-30"]
[Round "7.1"]
[White "Binkowska, Agata"]
[Black "Fraczek, Weronika"]
[Result "1-0"]
[WhiteTitle "k"]
[BlackTitle "k++"]
[WhiteElo "1799"]
[BlackElo "1902"]

1. d4 Nf6 2. Bg5 e6 3. e3 Be7 4. Nf3 d5 5. Bd3 Nbd7 6. Nbd2 b6 7. c3 Bb7 8. O-O
Ne4 9. Bf4 Ndf6 10. Ne5 O-O 11. f3 Nxd2 12. Qxd2 Nh5 13. Qc2 f5 14. g4 Nxf4 15.
exf4 g6 16. Rae1 Bd6 17. g5 c5 18. Qd2 a5 19. h4 cxd4 20. cxd4 Bb4 21. Qe2 Bxe1
22. Rxe1 Qd6 23. h5 Kg7 24. Qh2 Rh8 25. h6+ Kf8 26. a3 Ke7 27. Qh4 Rhf8 28. Kf2
b5 29. Bxb5 Qb6 30. a4 Qxd4+ 31. Kg3 Rac8 32. Qh2 Rc7 33. Qe2 Rfc8 34. Nxg6+ Kd6
35. Qxe6+ Kc5 36. Ne7 Kb4 37. Nxf5 Qd2 38. Re2 Qd1 39. Qe3 Rc2 40. Qa3# 1-0

[Event "Akademickie Mistrzostwa Polski Kobiet"]
[Site "Szczyrk"]
[Date "1899-12-30"]
[Round "7.2"]
[White "Antolak, Julia"]
[Black "Kiolbasa, Oliwia"]
[Result "1-0"]
[WhiteTitle "WIM"]
[BlackTitle "WIM"]
[WhiteElo "2110"]
[BlackElo "2095"]

1. e4 e5 2. Nf3 Nc6 3. Bb5 a6 4. Ba4 Nf6 5. O-O Be7 6. Re1 b5 7. Bb3 d6 8. c3 O-O
9. h3 Re8 10. d4 h6 11. Bc2 Bf8 12. Nbd2 Bb7 13. a3 Nb8 14. b4 Nbd7 15. Bb2 g6
16. c4 exd4 17. cxb5 axb5 18. Nxd4 c6 19. Rc1 Qb6 20. N4b3 Rac8 21. Nf1 Ne5 22.
Nbd2 Bg7 23. Ne3 c5 24. f4 Ned7 25. bxc5 dxc5 26. e5 Nd5 27. Nxd5 Bxd5 28. Ne4
Bxe4 29. Bxe4 Nf8 30. Kh1 Rcd8 31. Qf3 Ne6 32. Rf1 Nd4 33. Bxd4 Rxd4 34. Bb1 c4
35. f5 g5 36. f6 Bh8 37. Qf5 Rd3 38. Bxd3 cxd3 39. Rcd1 Qd4 40. Rfe1 d2 41. Re2
Rd8 42. Qc2 Qf4 43. Rexd2 Rxd2 44. Qxd2 Qxe5 45. Qd8+ Kh7 46. Rf1 Qe6 47. Qd3+
Kg8 48. Qxb5 Bxf6 49. Qf5 Qxf5 50. Rxf5 Bd4 51. Rd5 Be3 52. a4 Kf8 53. a5 Ke7
54. a6 Ke6 55. Rd1 Ba7 56. Rb1 Kd5 1-0

[Event "Akademickie Mistrzostwa Polski Kobiet"]
[Site "Szczyrk"]
[Date "1899-12-30"]
[Round "7.3"]
[White "Cieslak, Wiktoria"]
[Black "Karykowska, Anna"]
[Result "1-0"]
[WhiteTitle "k++"]
[BlackTitle "k+"]
[WhiteElo "1951"]
[BlackElo "1859"]

1. e4 c5 2. Nf3 a6 3. c3 e6 4. d4 d5 5. exd5 exd5 6. dxc5 Bxc5 7. Be2 Nf6 8. O-O
O-O 9. Bg5 Be6 10. Nbd2 h6 11. Bh4 Nc6 12. Nb3 Be7 13. Re1 Qb6 14. Bd3 Rfe8 15.
Qd2 Rad8 16. Nbd4 Bg4 17. Nxc6 Qxc6 18. Ne5 Qc8 19. Qf4 Be6 20. Bxf6 Bxf6 21.
Nf3 Qb8 22. Qd2 Qd6 23. Bc2 Bg4 24. Qd3 g6 25. Nd4 Bg7 26. h3 Bd7 27. Rad1 Rxe1+
28. Rxe1 Re8 29. Rd1 Bc8 30. Bb3 Bd7 31. Nf3 Bc6 32. Bxd5 Bxd5 33. Qxd5 Qb6 34.
Rd2 Rc8 35. Qd7 Qc5 36. Qxb7 a5 37. Qd7 Rb8 38. Qd3 a4 39. Nd4 a3 40. b4 Qc7 41.
Ne2 Qe7 42. b5 Qc5 43. c4 Rc8 44. Rc2 Qb4 45. Nc1 Re8 46. Re2 Rxe2 47. Qxe2 Qb2
48. Qe3 Bd4 49. Qe1 Bxf2+ 50. Qxf2 Qxc1+ 51. Kh2 Qxc4 52. b6 Qc6 53. Qd4 Qb5 54.
Qd8+ Kh7 55. Qc7 Qb2 56. Qxf7+ Kh8 57. Qe8+ Kh7 58. Qd7+ Kh8 59. Qc8+ Kh7 60.
Qc7+ Kh8 61. b7 1-0

[Event "Akademickie Mistrzostwa Polski Kobiet"]
[Site "Szczyrk"]
[Date "1899-12-30"]
[Round "7.4"]
[White "Parol, Pola"]
[Black "Szultka, Agata"]
[Result "1-0"]
[WhiteTitle "WFM"]
[BlackTitle "I+"]
[WhiteElo "1929"]
[BlackElo "1748"]

1. e4 d5 2. exd5 Qxd5 3. Nc3 Qa5 4. d4 Nf6 5. Nf3 Bg4 6. Bc4 e6 7. h3 Bh5 8. g4
Bg6 9. Ne5 Be4 10. f3 Bd5 11. Bd2 Qb6 12. Bxd5 Nxd5 13. Nxd5 exd5 14. Qe2 Be7
15. O-O-O O-O 16. c3 Bd6 17. f4 Nc6 18. Nd7 Qa5 19. Nxf8 Rxf8 20. Kb1 b5 21. Rhe1
b4 22. f5 b3 23. a3 Bxa3 24. bxa3 Qxa3 25. Bc1 Qa4 26. Qb2 Na5 27. Qa3 Qb5 28.
Qb4 Qa6 29. Qa4 c6 30. Bb2 Qb6 31. Qb4 Qa6 32. Qa4 h6 33. Re7 Qb6 34. Rde1 Nc4
35. Qxa7 Nd2+ 36. Kc1 Qxa7 37. Rxa7 Nc4 38. Rae7 1-0

[Event "Akademickie Mistrzostwa Polski Kobiet"]
[Site "Szczyrk"]
[Date "1899-12-30"]
[Round "7.5"]
[White "Rudnik, Anna"]
[Black "Trybowska, Barbara"]
[Result "1-0"]
[WhiteTitle "I++"]
[BlackTitle "I++"]
[WhiteElo "1804"]
[BlackElo "1839"]

1. e4 c5 2. Nf3 d6 3. d4 cxd4 4. Nxd4 Nf6 5. Nc3 a6 6. a4 e5 7. Nf3 Be7 8. Bg5
O-O 9. Bxf6 Bxf6 10. Nd5 Nc6 11. c3 Bg4 12. h3 Bh5 13. Be2 Bg6 14. Qc2 Be7 15.
Bd3 Re8 16. O-O Bf8 17. Rad1 Ne7 18. Bc4 Kh8 19. Rfe1 Rc8 20. Ba2 Nxd5 21. Bxd5
Qe7 22. Qb3 Rc7 23. g3 h6 24. Nh4 Bh7 25. Re3 g5 26. Ng2 Rb8 27. Rf3 f6 28. Qb6
h5 29. Ne3 Rbc8 30. g4 h4 31. Nc2 Kg7 32. Nb4 Qd8 33. Re1 Be7 34. Be6 Rb8 35.
Nd5 Rc5 36. Qa7 Ra8 37. Qxb7 Bf8 1-0

[Event "Akademickie Mistrzostwa Polski Kobiet"]
[Site "Szczyrk"]
[Date "1899-12-30"]
[Round "7.6"]
[White "Chrzaszcz, Malvina"]
[Black "Czaplewska, Klara"]
[Result "1-0"]
[WhiteTitle "k+"]
[BlackTitle "k+"]
[WhiteElo "1836"]
[BlackElo "1796"]

1. e4 e5 2. Nf3 Nc6 3. Bc4 Nf6 4. d3 g6 5. O-O Bg7 6. Nc3 O-O 7. Bg5 h6 8. Bh4
d6 9. Qd2 Bg4 10. Qe3 Na5 11. Bb3 Nxb3 12. axb3 a6 13. h3 Be6 14. d4 g5 15. Bg3
Nh5 16. dxe5 Nxg3 17. fxg3 dxe5 18. Rad1 Qe8 19. Nd5 Rc8 20. Qc5 Bxd5 21. Rxd5
f6 22. Rfd1 Qe6 23. Rd7 b6 24. Qa3 a5 25. Re7 Qc6 26. Rdd7 Bh8 27. b4 Qxc2 28.
Qa2+ 1-0

[Event "Akademickie Mistrzostwa Polski Kobiet"]
[Site "Szczyrk"]
[Date "1899-12-30"]
[Round "8.1"]
[White "Fraczek, Weronika"]
[Black "Cieslak, Wiktoria"]
[Result "0-1"]
[WhiteTitle "k++"]
[BlackTitle "k++"]
[WhiteElo "1902"]
[BlackElo "1951"]

1. e4 c5 2. Nf3 d6 3. d4 cxd4 4. Nxd4 Nf6 5. Nc3 a6 6. Bc4 Nbd7 7. O-O Qc7 8. Bb3
Nc5 9. f3 e6 10. Be3 Be7 11. a4 Bd7 12. a5 b6 13. axb6 Qxb6 14. Qd2 Nxb3 15. Nxb3
Qc7 16. Ra2 O-O 17. Rfa1 Qb7 18. Qd3 Bc8 19. Na5 Qc7 20. Nc4 Rb8 21. Rd1 Rd8 22.
Bf4 e5 23. Bd2 Be6 24. Nd5 Nxd5 25. exd5 Bd7 26. Ne3 Rdc8 27. c4 Bg5 28. b3 Qb6
29. Ra3 g6 30. Rda1 Bf5 31. Qc3 Bd7 32. Rxa6 Qxb3 33. Qxb3 Rxb3 34. Rxd6 Bxe3+
35. Bxe3 Rxe3 36. Rxd7 Rxc4 37. Rd1 Re2 38. Rd8+ Kg7 39. d6 Rcc2 40. d7 Rxg2+
41. Kf1 Rcf2+ 42. Ke1 Rg1+ 43. Kxf2 Rxd1 44. Ke3 h5 45. Ke4 Kf6 46. h4 Rd4+ 47.
Ke3 Ke7 48. Re8+ Kxd7 49. Rxe5 Rxh4 50. Kf2 Kd6 51. Re8 Rb4 52. Kg3 Kd7 53. Re3
Ra4 54. Re1 f6 55. Re3 g5 56. Kh3 Kd6 57. Re8 Ra3 58. Kg2 Ra7 59. Re3 Re7 60.
Rd3+ Ke6 61. Re3+ Kf7 62. Ra3 Kg6 63. Kg3 h4+ 64. Kh3 Re6 65. f4 Re4 66. fxg5
fxg5 67. Ra6+ Kh5 68. Ra5 Re3+ 69. Kh2 Kg4 70. Ra4+ Kf3 71. Kh3 Re4 72. Ra3+ Kf4
73. Kg2 Re2+ 74. Kf1 Rb2 75. Kg1 Kg4 76. Ra4+ Kh5 77. Ra5 h3 78. Kh1 Kh4 79. Ra3
g4 80. Ra4 Rf2 81. Kg1 Rf3 82. Kh2 Rb3 83. Rc4 Rb2+ 84. Kh1 Kg3 85. Rc3+ Kf2 86.
Kh2 Re2 87. Rg3 Re4 88. Ra3 Re3 89. Ra2+ Kf3 90. Ra1 Re2+ 91. Kh1 g3 92. Ra3+
Kf2 0-1

[Event "Akademickie Mistrzostwa Polski Kobiet"]
[Site "Szczyrk"]
[Date "1899-12-30"]
[Round "8.2"]
[White "Rudnik, Anna"]
[Black "Binkowska, Agata"]
[Result "0-1"]
[WhiteTitle "I++"]
[BlackTitle "k"]
[WhiteElo "1804"]
[BlackElo "1799"]

1. e4 c5 2. Nc3 e6 3. Nf3 a6 4. a4 Qc7 5. d4 cxd4 6. Nxd4 b6 7. Bd3 Bb7 8. O-O
Nf6 9. Be3 Nc6 10. Nb3 h5 11. f3 Bd6 12. h3 h4 13. f4 Nh5 14. e5 Nxe5 15. fxe5
Bxe5 16. Rf2 Bg3 17. Re2 Bh2+ 18. Kf1 Ng3+ 19. Ke1 Nxe2 20. Qxe2 Rc8 21. Kd2 Bf4
22. Rg1 Rh6 23. Qf2 Bxe3+ 24. Qxe3 Rf6 25. Be4 Bxe4 26. Qxe4 Qg3 27. Ne2 Rf2 28.
Kc1 d5 29. Qb4 Rxe2 30. Nd4 Qe3+ 0-1

[Event "Akademickie Mistrzostwa Polski Kobiet"]
[Site "Szczyrk"]
[Date "1899-12-30"]
[Round "8.3"]
[White "Chrzaszcz, Malvina"]
[Black "Antolak, Julia"]
[Result "0-1"]
[WhiteTitle "k+"]
[BlackTitle "WIM"]
[WhiteElo "1836"]
[BlackElo "2110"]

1. e4 c5 2. Nf3 d6 3. d4 cxd4 4. Nxd4 Nf6 5. Nc3 a6 6. Be2 g6 7. O-O Bg7 8. Bg5
Nc6 9. Nb3 O-O 10. f4 b5 11. Bf3 Bb7 12. Re1 Nd7 13. Qd2 Nb6 14. Nd5 Nc4 15. Qf2
Nxb2 16. Qh4 Re8 17. e5 dxe5 18. Nxe7+ Nxe7 19. Bxb7 Qb6+ 20. Kh1 Qxb7 21. fxe5
Nf5 22. Qf4 Nc4 23. Nc5 Qd5 24. Ne4 Qxe5 25. Nf6+ Bxf6 26. Rxe5 Bxe5 27. Qf1 Bxa1
28. Qxa1 Re2 29. g4 Rae8 30. Qf6 Nce3 31. h3 Ng3+ 32. Kg1 Rg2# 0-1

[Event "Akademickie Mistrzostwa Polski Kobiet"]
[Site "Szczyrk"]
[Date "1899-12-30"]
[Round "8.4"]
[White "Kiolbasa, Oliwia"]
[Black "Parol, Pola"]
[Result "1-0"]
[WhiteTitle "WIM"]
[BlackTitle "WFM"]
[WhiteElo "2095"]
[BlackElo "1929"]

1. e4 c5 2. Nf3 d6 3. Bb5+ Nc6 4. O-O Bd7 5. Re1 a6 6. Bf1 Bg4 7. d3 Nf6 8. c3
e5 9. a4 Be7 10. Nbd2 O-O 11. h3 Bh5 12. g4 Bg6 13. Nc4 Qc7 14. Ne3 Rfd8 15. Nh4
d5 16. Nxg6 hxg6 17. g5 Nh7 18. Nxd5 Qd6 19. Qg4 b5 20. f4 c4 21. dxc4 bxc4 22.
Be3 Rab8 23. Rad1 Qe6 24. Qxe6 fxe6 25. Nxe7+ Nxe7 26. Rxd8+ Rxd8 27. Bxc4 Rd6
28. fxe5 Rc6 29. Ba2 Nf8 30. Rd1 Kf7 31. a5 Nc8 32. Rd4 Na7 33. Rc4 Nd7 34. Bxa7
Rxc4 35. Bxc4 Nxe5 36. Bxa6 1-0

[Event "Akademickie Mistrzostwa Polski Kobiet"]
[Site "Szczyrk"]
[Date "1899-12-30"]
[Round "8.5"]
[White "Trybowska, Barbara"]
[Black "Kubicka, Anna"]
[Result "0-1"]
[WhiteTitle "I++"]
[BlackTitle "WIM"]
[WhiteElo "1839"]
[BlackElo "2081"]

1. d4 c5 2. d5 d6 3. Nc3 e6 4. e4 exd5 5. exd5 Nf6 6. Be2 g6 7. Nf3 Bg7 8. O-O
O-O 9. Bf4 a6 10. a4 Bg4 11. h3 Bxf3 12. Bxf3 Re8 13. Qd3 Qc7 14. Rfe1 Nbd7 15.
Bg3 Rxe1+ 16. Rxe1 Re8 17. Re3 c4 18. Qe2 Rxe3 19. fxe3 h5 20. Kh2 Ne8 21. e4
Be5 22. Nd1 b5 23. axb5 axb5 24. b3 Bxg3+ 25. Kxg3 Ne5 26. bxc4 bxc4 27. Ne3 Nf6
28. c3 Qc5 29. Nc2 Qa5 30. Qe3 Kg7 31. Nd4 Nd3 32. Nf5+ gxf5 33. Qg5+ Kf8 34.
Qxf6 Qb6 35. Qxf5 Qf2+ 36. Kh2 h4 37. Qc8+ Kg7 38. Qg4+ Kf6 39. Qf5+ Ke7 40. Qg5+
Kd7 41. Bg4+ Ke8 42. Bh5 Qf4+ 43. Qxf4 Nxf4 44. Bf3 Nd3 45. g3 Nc5 46. gxh4 Na4
47. Be2 Nxc3 48. Bxc4 Nxe4 49. Bd3 Nc3 50. Bc4 Ke7 51. Kg3 Ne4+ 52. Kf4 Nd2 53.
Bb5 Kf6 54. h5 Nb3 55. Be8 Nc5 56. h4 Nd3+ 57. Ke4 Ne5 58. Kd4 Nf3+ 59. Kc4 Nxh4
60. Kb5 Ke7 61. Bc6 Nf5 62. Bb7 Kf6 63. Kc6 Ke5 64. Bc8 Ne7+ 65. Kd7 Nxc8 66.
Kxc8 f5 67. h6 Kf6 68. Kd7 f4 69. Kxd6 f3 70. h7 Kg7 71. Kc7 f2 72. d6 f1=Q 73.
d7 Qc4+ 74. Kb8 Qb5+ 75. Kc7 Qc5+ 76. Kb7 Qd6 77. Kc8 Qc6+ 78. Kd8 Kxh7 79. Ke7
Qc5+ 80. Ke6 Qc7 81. Ke7 Qe5+ 82. Kf8 Kg6 83. d8=Q Qg7+ 84. Ke8 Qf7# 0-1

[Event "Akademickie Mistrzostwa Polski Kobiet"]
[Site "Szczyrk"]
[Date "1899-12-30"]
[Round "8.6"]
[White "Czaplewska, Klara"]
[Black "Dmochowska, Agnieszka"]
[Result "0-1"]
[WhiteTitle "k+"]
[BlackTitle "WFM"]
[WhiteElo "1796"]
[BlackElo "1926"]

1. d4 Nf6 2. g3 e6 3. Bg2 c5 4. Nf3 Nc6 5. O-O cxd4 6. Nxd4 d5 7. c4 Be7 8. Nc3
O-O 9. cxd5 exd5 10. b3 Bg4 11. h3 Be6 12. Bb2 Qd7 13. Kh2 Rac8 14. Rc1 Rfd8 15.
e3 Nxd4 16. Qxd4 Bc5 17. Qd2 b6 18. Rfd1 d4 19. exd4 Qxd4 20. Qxd4 Rxd4 21. Nb5
Rxd1 22. Rxd1 Bxf2 23. Nxa7 Re8 24. Nc6 h6 25. Bxf6 gxf6 26. Rf1 Bc5 27. Rxf6
Kg7 28. Rf1 Bd7 29. a4 Re2 30. Nd8 Be7 31. Nxf7 0-1